Жива математика. (Запис № 17420)

000 -Маркер запису
Контрольне поле сталої довжини 03176nam a22002657a 4500
003 - Належність контрольного номера
Контрольне поле Uzh_bibl
008 - Кодовані дані
Контрольне поле сталої довжини 260421b |||||||| |||| 00| 0 ukr d
020 ## - Індекс ISBN
ISBN 978-966-10-5789-9
Ціна 164.25
040 ## - Джерело каталогіз.
Код мови каталог. укр.
041 ## - Код мови видання
Код мови оригіналу російська
Код мови тексту українська
080 ## - Індекс УДК
Індекс УДК 51
090 ## - Шифри
Поличний індекс 51
Авторський знак П 27
100 ## - Автор
Автор Перельман, Яків
245 ## - Назва
Назва Жива математика.
Відповідальність Пер. з рос. за ред. В.О. Тадеєва
Фізичний носій Текст
260 ## - Вихідні дані
Місце видання Тернопіль
Видавництво Навчальна книга-Богдан
Дата видання 2019
300 ## - Фізичний опис
Обсяг 240 с.
Ілл./тип відтвор. Іл.
Тип одиниці В опр.
490 ## - Серія
Назва серії Класики популяризації науки
520 ## - Анотація
Анотація Книга «Жива математика» всесвітньо відомого популяризатора науки Я.І. Перельмана написана однією з останніх у його серії книг, присвячених захоплюючій науці. Однак після цього вона розглядалася автором як своєрідний вступ до цих книг. Складаючись з великої кількості різнорідних головоломок, цікавих оповідок та практичних порад, що мають математичну основу, книга відкриває завісу до деяких універсальних методів міркувань, характерних для математики як науки. Для читання книги не передбачається жодної спеціальної підготовки. Розв’язання багатьох головоломок під силу кмітливим учням навіть початкової школи, хоча над деякими з них може замислитися і знаний науковець. Книга перекладалася багатьма мовами світу, у тому числі й українською. Новий переклад на українську мову усуває прогалини попередніх, зокрема, в ньому в повному обсязі відновлюється авторський зміст за прижиттєвими виданнями та дбайливіше відображаються стилістичні особливості сталих україномовних конструкцій. Книга розрахована на усіх, хто полюбляє інтелектуальні розваги у години дозвілля. Особливо буде корисною для учнів, які дбають про розвиток своєї математичної кмітливості та розширення запасу математичних знань.
521 ## - Примітка про цільове призначення
Примітка про цільове призначення Для широкого кола читачів
546 ## - Примітка про мову
Примітка про мову укр.
650 ## - Тематичні рубрики
Основна рубрика Навчальне видання
653 ## - Ключові слова
Ключові слова Математика в іграх.
-- Головоломки.
-- Числа велетні.
655 ## - Термін індексування — жанр/форма
Жанр/форма Математика
Типове ділення Посібник
942 ## - ADDED ENTRY ELEMENTS (KOHA)
Джерело класифікації чи схема поличного розташування
Koha item type Книги
Фонди
Статус вилучення Статус втрати/відсутності Джерело класифікації чи схема поличного розташування Статус пошкодження Тип обігу (не для випозичання) Постійне розташування Поточне розташування Розташування у відділі Дата надходження Інвентарний номер Total Checkouts Повний (примірниковий) шифр зберігання Штрих-код Date last seen Дата, для якої чинна ціна заміни Тип одиниці (рівень примірника)
          Бібліотека-філія № 1 для дітей Бібліотека-філія № 1 для дітей Читальна зала старший відділ 21/04/2026 72404   51 16609 21/04/2026 21/04/2026 Книги

Працює на АБІС Коха